| Tag |
First Indicator |
Second Indicator |
Subfields |
| LEADER |
00000pam a22000004a 4500 |
| 001 |
in00002073513 |
| 005 |
20151102120938.0 |
| 008 |
041119s2005 enk b 001 0 eng |
| 010 |
|
|
|a 2004063662
|
| 020 |
|
|
|a 0333949072 (cloth)
|
| 020 |
|
|
|a 0333949080 (pbk.)
|
| 035 |
|
|
|a (OCoLC)ocm57069380
|
| 040 |
|
|
|a DLC
|c DLC
|d YDX
|d BAKER
|d UtOrBLW
|
| 042 |
|
|
|a pcc
|
| 049 |
|
|
|a TXAM
|
| 050 |
0 |
0 |
|a HF5547.2
|b .F45 2005
|
| 082 |
0 |
0 |
|a 658.2/3
|2 22
|
| 100 |
1 |
|
|a Felstead, Alan,
|d 1963-
|
| 245 |
1 |
0 |
|a Changing places of work /
|c Alan Felstead, Nick Jewson and Sally Walters.
|
| 264 |
|
1 |
|a Basingstoke, Hampshire ;
|a New York :
|b Palgrave Macmillan,
|c 2005.
|
| 300 |
|
|
|a viii, 200 pages ;
|c 25 cm.
|
| 336 |
|
|
|a text
|b txt
|2 rdacontent
|
| 337 |
|
|
|a unmediated
|b n
|2 rdamedia
|
| 338 |
|
|
|a volume
|b nc
|2 rdacarrier
|
| 504 |
|
|
|a Includes bibliographical references (pages 183-194) and indexes.
|
| 650 |
|
0 |
|a Office layout.
|
| 650 |
|
0 |
|a Work environment.
|
| 650 |
|
0 |
|a Technological innovations.
|
| 650 |
|
0 |
|a Organizational effectiveness.
|
| 700 |
1 |
|
|a Jewson, Nick,
|d 1946-
|
| 700 |
1 |
|
|a Walters, Sally,
|d 1973-
|
| 945 |
|
|
|i PromptCat
|
| 946 |
|
|
|a west,stk
|
| 947 |
|
|
|a A14832681229
|
| 994 |
|
|
|a 92
|b TXA
|
| 948 |
|
|
|a cataloged
|b h
|c 2005/9/6
|d c
|e rbarron
|f 12:37:43 pm
|
| 999 |
|
|
|a MARS
|
| 999 |
f |
f |
|s 70196ac1-d4ba-39c5-accd-228936d6aaf5
|i a2ae4704-21e6-38e3-bc11-5c856c9d078b
|t 0
|
| 952 |
f |
f |
|p ric
|a Texas A&M University
|b Rellis Campus
|c Joint Library Facility
|d Remote Storage
|t 0
|e HF5547.2 .F45 2005
|h Library of Congress classification
|i unmediated -- volume
|m A14832681229
|
| 998 |
f |
f |
|a HF5547.2 .F45 2005
|t 0
|l Remote Storage
|